| 000 | 00854nam a2200253Ia 4500 | ||
|---|---|---|---|
| 003 | OSt | ||
| 005 | 20220923220927.0 | ||
| 006 | a|||||r|||| 00| 0 | ||
| 007 | ta | ||
| 008 | 220922b |||||||| |||| 00| 0 hin d | ||
| 024 | _a192,322 | ||
| 037 | _cTextual | ||
| 040 |
_aARTS _cARTS _bhin |
||
| 041 |
_2hin _ahin |
||
| 082 | _aT:3(P152).2, 152M5 | ||
| 100 | _aगौरे, बलभीम राज | ||
| 245 | 0 |
_aहिन्दी अध्ययन _b स्वरूप एवं समस्याएॅ |
|
| 246 | _aHindī adhyayana: svarūp evan samasyāeॅ | ||
| 260 |
_aकानपुर _b चयन प्रकाशन _c1985 |
||
| 300 |
_a215पृ. _ccm. |
||
| 650 |
_aशिक्षण _9156320 |
||
| 942 |
_hT:3(P152).2, 152M5 _cTEXL _2CC |
||
| 999 |
_c344942 _d344942 |
||